000 00558nam a22002057a 4500
005 20250911121529.0
008 250911b |||||||| |||| 00| 0 eng d
037 _cTB
040 _aCL
_cCL
041 _2Eng
_aEnglish
084 _qCL
245 _aSex education
260 _aIndia, New Delhi
_bAPH Publisher
_c2001
300 _aVI,298p.
365 _b700
_cINR
650 _2EDUCATION
700 _aRao, R.K.
_eEditor
_9821131
942 _2CC
_cTB
_n0
999 _c1435322
_d1435322